000 00763nam a22002177a 4500
999 _c7291
_d7291
003 AR-CdUCM
008 190320b ||||| |||| 00| 0 spa d
040 _aMUNICIPALIDAD PROVINCIAL DEL CUSCO
_cBIBLIOTECA MUNICIPAL DEL CUSCO
082 _a658.54 /
_bS24
100 _aSasiene, Maurice
_920557
245 _aInvestigación de operaciones :
_bMétodos y problemas /
260 _aMéxico :
_bLimusa,
_c1971.
300 _a335 paginas ;
_c23 cm.
505 _aContenido :Probabilidad -- Muestreo -- Inventario -- Reemplazo -- Lineas de espera ...
650 _aInvestigación operacional
_920558
650 _aAdministración de empresas
_96082
700 _aYaspan, Arthur
_920559
710 _aFriedman, Lawrence
_920560
942 _2ddc
_cLIBROS
945 _arum